000 01334nam a2200349 i 4500
003 CO-BoRNBP
005 20250225083001.0
007 ta
008 250225s2023 ck abd|| |||| 00| 0 spa d
020 _a9789585366329
040 _aCO-BoRNBP
_bspa
_cCO-BoRNBP
_erda
041 _aspa
_heng
084 _aA GRE9
100 1 _aGreen, Jen
_d1955-
_eautora
_958662
245 1 4 _aLos océanos en 30 segundos/
_cJen Green ; traducción de Eva María Cantenys Félez
250 _aEdición especial
264 1 _aBogotá, Colombia,
_bEditorial Blume
300 _a96 páginas,
_bilustraciones, mapas, gráficos a color,
_c23 cm
336 _2rdacontent
_atexto
_btxt
337 _2rdamedia
_asin mediación
_bn
338 _2rdacarrier
_avolumen
_bnc
490 _aPlan Nacional de Lectura, Escritura y Oralidad/Ministerio de Cultura
521 _aRecomendado para un público infantil a partir de los 6 años
534 _tOceans in 30 seconds
650 1 7 _2ARMARC
_aÁlbumes infantiles ingleses
_vSiglo XX
_958663
650 1 7 _2ARMARC
_aLiteratura infantil inglesa
_vSiglo XX
_958664
650 1 7 _2ARMARC
_aAnimales en la literatura
_9853
650 1 7 _2ARMARC
_aEcología marina
_vEnseñanza
_958665
650 1 7 _2ARMARC
_aOcéanos
_vEnseñanza
_958666
700 1 _aCantenys Félez, Eva María
_etraductora
_958667
942 _2ddc
_cBKINF
999 _c56948
_d56948